000 00605nam a2200193Ia 4500
003 GCL
008 140319s9999 xx 000 0 ara d
040 _aGCL /
_cGCL
082 0 4 _a398.9
_bو ا
100 1 _aوفاء الخناجرى
245 1 0 _aالامثال الشعبية فى حياتنا اليومية /
_cوفاء الخناجرى
260 _a[S.N] :
_bمنشاة المعارف ،
_c1987
300 _a280 ص
490 _a
650 0 4 _aالامثال العربية
650 0 4 _aالامثال العامية العربية
650 0 4 _aالادب الشعبى
942 _2ddc
_cBK
999 _c32065
_d32065